|
|
|
|
| LEADER |
00000nab a2200000 a 4500 |
| 001 |
vtls010259425 |
| 003 |
SK-MaSNL |
| 005 |
20260304155515.0 |
| 008 |
25050709c2009 xo o |||||||||||||||slol |
| 015 |
|
|
|a SNBRB2009/11
|
| 035 |
|
|
|a SVKKK000098257
|
| 035 |
|
|
|a (urnnbn)urn:nbn:sk:snk:ar-005kgp
|
| 035 |
|
|
|a (uuid)725f013b-ad66-480f-9cdf-8840de389579
|
| 035 |
|
|
|a urn:nbn:sk:snk-ab80ld
|
| 038 |
|
|
|a SVKKK
|
| 040 |
|
|
|a SNKBUCL
|b slo
|c SNKBUCL
|e AACR2
|
| 041 |
0 |
|
|a slo
|
| 044 |
|
|
|a xo
|c SK
|
| 080 |
|
|
|a 929 Gašpariková, Viera
|2 1997
|
| 080 |
|
|
|a 55-051
|2 1997
|
| 100 |
1 |
|
|a Zlinská, Adriena
|4 aut
|9 10485
|
| 245 |
1 |
0 |
|a Zdravica k životnému jubileu RNDr. Viery Gašparikovej, CSc.
|c A. Zlinská
|
| 246 |
3 |
1 |
|a Congratulation to life jubilee of RNDr. Viera Gašpariková, CSc.
|
| 600 |
1 |
7 |
|a Gašpariková, Viera,
|d 1929-
|2 SNKMA
|9 154734
|
| 773 |
0 |
|
|t Mineralia slovaca
|g Roč. 41, č. 1 (2009)
|g Č. 1 (2009), s. 96
|x 0369-2086
|
| 773 |
0 |
|
|t Geovestník
|g Roč. 41, č. 1 (2009)
|g Č. 1 (2009), s. 96
|x 0369-2086
|
| 850 |
|
|
|a Slovenská národná knižnica
|
| 852 |
|
|
|a Slovenská národná knižnica
|
| 954 |
|
|
|a odborná, vedecká literatúra pôvodná (slovenská)
|2 lita
|
| 958 |
|
|
|a article9
|
| 958 |
|
|
|a BX
|
| 958 |
|
|
|a OND
|
| 958 |
|
|
|a EUIPO
|
| 999 |
|
|
|c 2962749
|d 2964679
|